| 000 | 00784nam a2200229Ii 4500 | ||
|---|---|---|---|
| 003 | JO-AjNU | ||
| 008 | 230605s9999||||xx |||||||||||||| ||und|| | ||
| 017 | _a2013/5/1046 | ||
| 020 | _a978-9957-22-109-6 | ||
| 040 |
_aJO-AjNU _bara _erda _cJO-AjNU |
||
| 041 | _aara | ||
| 050 | 1 | 4 | _aDS38.9.Z286.2014 |
| 100 | 3 |
_aالزيدي، مفيد, _eauthor _960324 |
|
| 245 | 0 | 0 | _aالتاريخ العربي بين الحداثة والمعاصرة |
| 250 | _aط1 | ||
| 264 | 3 | 1 | _aعمان: دار اسامة للنشر والتوزيع، 2014 |
| 300 | _a312ص | ||
| 336 |
_atext _btxt _2rdacontent |
||
| 337 |
_aunmediated _bn _2rdamedia |
||
| 338 |
_avolume _bnc _2rdacarrier |
||
| 650 | 4 |
_aالتاريخ العربي-الحضارة العربية-البلدان العربية _960325 |
|
| 999 |
_aA27195 _c30763 _d30763 |
||